| 000 -LEADER |
| fixed length control field |
00767cam a2200205 4500 |
| 005 - DATE AND TIME OF LATEST TRANSACTION |
| control field |
20131115094644.0 |
| 008 - FIXED-LENGTH DATA ELEMENTS--GENERAL INFORMATION |
| fixed length control field |
740205m19711973nyu 000 0 eng |
| 041 0# - LANGUAGE CODE |
| Language code of text/sound track or separate title |
eng |
| 080 ## - UNIVERSAL DECIMAL CLASSIFICATION NUMBER |
| Universal Decimal Classification number |
341 |
| Common auxiliary subdivision |
(094.2) |
| 110 2# - |
| -- |
United Nations Commission on International Trade Law. |
| 245 10 - TITLE STATEMENT |
| Title |
Register of texts of conventions and other instruments concerning international trade law. |
| 260 ## - |
| -- |
New York, |
| -- |
United Nations, |
| -- |
1971-73. |
| 300 ## - |
| -- |
193 f. : |
| -- |
25 cm. |
| 490 ## - |
| -- |
United Nations Commission on International Trade Law. |
| -- |
II |
| 500 ## - |
| -- |
"United Nations publication. Sales E.71.V3 [and] E.73.V.3." |
| 650 #0 - |
| -- |
Traktatet komerciale |
| 650 #0 - |
| -- |
E drejta ndërkombëtare |
| 760 ## - |
| -- |
United Nations Commission on International Trade Law. |
| 942 ## - ADDED ENTRY ELEMENTS (KOHA) |
| Source of classification or shelving scheme |
|
| Item type |
Books |